Rustic Malaysia : (Record no. 169767)

MARC details
000 -LEADER
fixed length control field 01044cam a2200301 a 4500
001 - CONTROL NUMBER
control field vtls000789860
003 - CONTROL NUMBER IDENTIFIER
control field MY-SjTCS
005 - DATE AND TIME OF LATEST TRANSACTION
control field 20200226120735.0
008 - FIXED-LENGTH DATA ELEMENTS--GENERAL INFORMATION
fixed length control field 110218s1994 my a 001 0 eng
020 ## - INTERNATIONAL STANDARD BOOK NUMBER
International Standard Book Number 9677300784 (hbk.)
020 ## - INTERNATIONAL STANDARD BOOK NUMBER
International Standard Book Number 9789677300781 (hbk.)
039 #9 - LEVEL OF BIBLIOGRAPHIC CONTROL AND CODING DETAIL [OBSOLETE]
Level of rules in bibliographic description 201407210942
Level of effort used to assign nonsubject heading access points pushpa
Level of effort used to assign subject headings 201405091600
Level of effort used to assign classification patrick
Level of effort used to assign subject headings 201204261140
Level of effort used to assign classification wilmina
Level of effort used to assign subject headings 201204090907
Level of effort used to assign classification stazrina
-- 200407271833
-- VLOAD
043 ## - GEOGRAPHIC AREA CODE
Geographic area code a-my---
082 04 - DEWEY DECIMAL CLASSIFICATION NUMBER
Classification number 915.9504
Item number TEN
099 ## - LOCAL FREE-TEXT CALL NUMBER (OCLC)
Classification number MALAYSIANA
Feature heading 915.9504
100 1# - MAIN ENTRY--PERSONAL NAME
Personal name Teng, Arthur.
9 (RLIN) 4026
245 10 - TITLE STATEMENT
Title Rustic Malaysia :
Remainder of title a pictorial journey /
Statement of responsibility, etc. by Arthur Teng.
260 ## - PUBLICATION, DISTRIBUTION, ETC.
Place of publication, distribution, etc. Kuala Lumpur :
Name of publisher, distributor, etc. Tropical Press,
Date of publication, distribution, etc. c1994.
300 ## - PHYSICAL DESCRIPTION
Extent 145 p. :
Other physical details ill. ;
Dimensions 29 cm.
500 ## - GENERAL NOTE
General note Includes index.
590 ## - LOCAL NOTE (RLIN)
Local note Psychology : 2PSC20
650 #0 - SUBJECT ADDED ENTRY--TOPICAL TERM
Topical term or geographic name entry element Country life
Geographic subdivision Malaysia
Form subdivision Pictorial works.
650 #0 - SUBJECT ADDED ENTRY--TOPICAL TERM
Topical term or geographic name entry element Landscapes
Geographic subdivision Malaysia.
651 #0 - SUBJECT ADDED ENTRY--GEOGRAPHIC NAME
Geographic name Malaysia
General subdivision Description and travel
Form subdivision Pictorial works.
9 (RLIN) 4028
651 #0 - SUBJECT ADDED ENTRY--GEOGRAPHIC NAME
Geographic name Malaysia
General subdivision Social life and custom
Form subdivision Picrtorial works.
920 ## - Programme
Programme SAM : 18510
921 ## - Programme
Programme SHT : 622446
Holdings
Withdrawn status Lost status Source of classification or shelving scheme Damaged status Not for loan Home library Current library Date acquired Total Checkouts Barcode Date last seen Date last checked out Copy number Koha item type Public note
Withdrawn   Dewey Decimal Classification     Taylor's Library-TU Taylor's Library-TU 27/07/2004   5000045863 12/12/2019 28/01/2010 1 Reference Collection SHTEx,30004,05,GR,MAL
Withdrawn   Dewey Decimal Classification     Taylor's Library-TU Taylor's Library-TU 08/06/2009   5000084374 12/12/2019 08/06/2009 1 Reference Collection SAMxx,01000,02,GR,MAL